000 01190nam0a22002531 4500
001 rc\349361
005 20030307122204.4
035 _a(NLR Aleph) 005551190
090 _a5812333
_c5812333
100 _a20030307d1990 u |0rusy50 ca
101 0 _arus
102 _aRU
105 _ay |||||||||
200 1 _aФармакология: состояние и перспективы исследований
_eТез. докл.
_fVI Съезд фармакологов УССР (25-27 сент. 1990 г., Харьков)
_g[Редкол.: И.С. Чекман (отв. ред.) и др.]
210 _aХарьков
_cБ. и.
_d1990
215 _a356 с.
_d22
300 _aВ надзаг.: Укр. науч. о-во фармакологов, Киев. НИИ фармакологии и токсикологии МЗ УССР, Харьк. мед. ин-т МЗ УССР, Харьк. фармац. ин-т МЗ УССР
702 1 _aЧекман
_bИ. С.
_gИван Сергеевич
_4340
712 1 2 _aСъезд фармакологов УССР
_d6
_f1990
_eХарьков
801 0 _aRU
_bNLR
_gpsbo
801 1 _aRU
_bELAR
_2rusmarc
852 _aNLR
_j90-5/3167
942 _cBOOK
980 _aNB